000 01297nam a2200385 a 4500
003 CHAP
005 20220329142955.0
008 050523d2004 mx r 10100 spa d
010 _a90304
011 _a91276
020 _a9680200930
035 _a101834
040 _cCHAP
090 _aFolleto 16848
111 0 0 _aCongreso Nacional de Anonáceas (
_n2 :
_d2004 :
_cMérida, Yuc.)
_926897
245 1 0 _aPrograma de resúmenes
_c/coord. por Sauri, D., E. ( y otros)
260 _aChapingo, Méx. :
_bSociedad Mexicana de Anonáceas,
_c2004.
300 _a26 p.
590 _aBATCH-UPD
_b10
_c20130110
_lUCH01
_h0336
590 _aBATCH-UPD
_b10
_c20130110
_lUCH01
_h1810
590 _aBATCH-UPD
_b10
_c20130410
_lUCH01
_h0010
590 _aBATCH-UPD
_b10
_c20130914
_lUCH01
_h0343
590 _aCONVERSION
_b10
_c20130109
_lUCH01
_h1350
650 1 4 _aAnnona muricata.
_95944
650 1 4 _aAnnona purpurea.
_95945
650 1 4 _aAnonáceas
_xCongresos.
_96007
650 1 4 _aChirimoya.
_922608
650 1 4 _aGuanábana.
_950993
700 0 _aSauri Duch, Enrique
_ecoord.
_9102761
901 _aBK
905 _aAlejandra Carrasco M.
942 _cFOLL
949 _aFolleto 16848
_bBC
_cCONG
_d33724002001355
_eCONG
_i101834
_sb
949 _aFolleto 16848
_bBC
_cFOLL
_d33724002001397
_eTS1
_fc.2
_i101834
_sb
999 _c90304
_d90304